[Event "POL-chT 2nd League"]
[Site "Wysowa"]
[Date "2007.09.03"]
[Round "1"]
[White "Smolenska, Olga"]
[Black "Czajkowska, Natalia"]
[Result "1/2-1/2"]
[WhiteElo "1990"]
[BlackElo "1862"]
[PlyCount "64"]
[EventDate "2007.09.03"]
[EventType "team-swiss"]
[EventRounds "9"]
[EventCountry "POL"]
[SourceTitle "EXT 2010"]
[Source "ChessBase"]
[SourceDate "2010.11.25"]
[SourceVersion "1"]
[SourceVersionDate "2010.11.25"]
[SourceQuality "1"]
[WhiteTeam "Konin Hetman"]
[BlackTeam "Olsztyn Trzydziestka"]
[WhiteTeamCountry "POL"]
[BlackTeamCountry "POL"]

1. e4 c5 2. Nf3 e6 3. c3 Nf6 4. d3 d6 5. Bg5 Be7 6. Nbd2 Nc6 7. Be2 Qc7 8. 0-0 h6 9. Bh4 0-0 10. Rc1 b6 11. d4 Bb7 12. Bg3 Qd7 13. e5 dxe5 14. Nxe5 Nxe5 15. Bxe5 cxd4 16. cxd4 Rac8 17. Qb3 Qd5 18. Qxd5 Nxd5 19. Bf3 Bg5 20. Rxc8 Rxc8 21. Ne4 Be7 22. Bd6 Ba6 23. Rd1 Bxd6 24. Nxd6 Rc2 25. Bxd5 exd5 26. b4 Be2 27. Ra1 Rd2 28. Nf5 Bc4 29. a3 Kh7 30. h3 g5 31. Re1 Kg6 32. g4 Kf6 1/2-1/2

[Event "POL-ch U18 Girls"]
[Site "Leba"]
[Date "2007.03.28"]
[Round "7"]
[White "Czajkowska, Natalia"]
[Black "Demidowicz, Alicja"]
[Result "0-1"]
[WhiteElo "1886"]
[BlackElo "1920"]
[PlyCount "48"]
[EventDate "2007.03.24"]
[EventType "swiss"]
[EventRounds "11"]
[EventCountry "POL"]
[SourceTitle "EXT 2011"]
[Source "ChessBase"]
[SourceDate "2010.11.26"]
[SourceVersion "1"]
[SourceVersionDate "2010.11.26"]
[SourceQuality "1"]

1. d4 d5 2. c4 e6 3. Nc3 Nf6 4. Nf3 Be7 5. e3 0-0 6. Bd3 c6 7. 0-0 Nbd7 8. e4 dxe4 9. Nxe4 Nxe4 10. Bxe4 Nf6 11. Bd3 c5 12. b3 cxd4 13. Nxd4 e5 14. Nf5 Bc5 15. Ne3 Qd4 16. Nc2 Qh4 17. g3 Qh3 18. Qf3 Rd8 19. Ne1 Bd4 20. Rb1 e4 21. Qg2 exd3 22. Bg5 Qh5 23. h4 Bf5 24. Bxf6 Bxf6 0-1

[Event "POL-ch U18 Girls"]
[Site "Leba"]
[Date "2006.04.01"]
[Round "10"]
[White "Czajkowska, Natalia"]
[Black "Szerszen, Joanna"]
[Result "1/2-1/2"]
[WhiteElo "1600"]
[BlackElo "1800"]
[PlyCount "53"]
[EventDate "2006.03.25"]
[EventType "swiss"]
[EventRounds "11"]
[EventCountry "POL"]
[SourceTitle "CBM 111 Extra"]
[Source "ChessBase"]
[SourceDate "2006.05.09"]
[SourceVersion "1"]
[SourceVersionDate "2006.05.09"]
[SourceQuality "1"]

1. d4 Nf6 2. c4 e6 3. Nf3 b6 4. g3 Ba6 5. b3 Bb7 6. Bg2 c5 7. dxc5 bxc5 8. 0-0 Be7 9. Bb2 0-0 10. Nbd2 d6 11. Qc2 Nbd7 12. e4 Qc7 13. Rfe1 Rfd8 14. e5 dxe5 15. Nxe5 Bxg2 16. Kxg2 Nxe5 17. Bxe5 Qc6+ 18. Kg1 Nd7 19. Bc3 Bf6 20. Bxf6 Nxf6 21. Rad1 Rd7 22. Nf1 Rad8 23. Ne3 h6 24. Rxd7 Rxd7 25. Rd1 Rd4 26. Rxd4 cxd4 27. Nd1 1/2-1/2

[Event "POL-ch U18 Girls"]
[Site "Leba"]
[Date "2006.03.26"]
[Round "3"]
[White "Gasik, Anna"]
[Black "Czajkowska, Natalia"]
[Result "1-0"]
[WhiteElo "2052"]
[BlackElo "1600"]
[PlyCount "73"]
[EventDate "2006.03.25"]
[EventType "swiss"]
[EventRounds "11"]
[EventCountry "POL"]
[SourceTitle "CBM 111 Extra"]
[Source "ChessBase"]
[SourceDate "2006.05.09"]
[SourceVersion "1"]
[SourceVersionDate "2006.05.09"]
[SourceQuality "1"]

1. Nf3 d5 2. g3 Nf6 3. Bg2 c6 4. 0-0 Bg4 5. h3 Bh5 6. d3 e6 7. Nbd2 Bd6 8. e4 Nbd7 9. Re1 dxe4 10. dxe4 Be7 11. e5 Nd5 12. c4 N5b6 13. b3 0-0 14. Bb2 Nc5 15. Bc3 Nd3 16. Rf1 Bg6 17. Qe2 Nb4 18. Bxb4 Bxb4 19. Ne4 Qe7 20. Nh4 Rfd8 21. Nxg6 hxg6 22. Qg4 Rd4 23. Nf6+ gxf6 24. Qxd4 Bc5 25. Qf4 fxe5 26. Qxe5 Bd6 27. Qe2 Rd8 28. h4 Nd7 29. Rad1 Nf8 30. Rd3 e5 31. h5 Kg7 32. hxg6 Nxg6 33. Be4 Qg5 34. Bxg6 Kxg6 35. Rfd1 Be7 36. Rxd8 Bxd8 37. Qd3+ 1-0